[Event "Oberliga NRW 9899 I"]
[Site "Germany"]
[Date "1998.??.??"]
[Round "4.5"]
[White "Eng, Holger"]
[Black "Misch, Oliver"]
[Result "1-0"]
[WhiteElo "2355"]
[BlackElo "2140"]
[PlyCount "77"]
[EventDate "1998.10.10"]
[EventType "team-tourn"]
[EventRounds "9"]
[EventCountry "GER"]
[SourceTitle "EXT 2000"]
[Source "ChessBase"]
[SourceDate "1999.11.16"]
[SourceVersion "1"]
[SourceVersionDate "1999.11.16"]
[SourceQuality "1"]
[WhiteTeam "Enger Spenge"]
[BlackTeam "Ruhrtal Wetter"]
[WhiteTeamCountry "GER"]
[BlackTeamCountry "GER"]

1. Nf3 Nf6 2. c4 c5 3. Nc3 d5 4. cxd5 Nxd5 5. e4 Nb4 6. Bb5+ Bd7 7. a3 Bxb5 8. axb4 Bd3 9. bxc5 Nd7 10. Qa4 f6 11. Qd4 Ne5 12. Qa4+ Nc6 13. b4 e6 14. b5 Ne5 15. Nxe5 fxe5 16. Ba3 Qd4 17. Qxd4 exd4 18. Ne2 e5 19. f4 Bxe2 20. Kxe2 exf4 21. Kd3 g5 22. h4 g4 23. Rhf1 Bh6 24. c6 bxc6 25. bxc6 Rc8 26. Rac1 Rg8 27. Bd6 Rg6 28. Bxf4 Rgxc6 29. Rxc6 Rxc6 30. Bxh6 Rxh6 31. g3 Ra6 32. Kxd4 Ra2 33. Ke3 Ra3+ 34. d3 Ra2 35. d4 Rg2 36. Kf4 h5 37. d5 Ke7 38. Ra1 Rf2+ 39. Ke5 1-0